Năng lượng mới số 53
Nội dung số này trình bày: đồng chí lê mạnh được cử tri nơi cư trú tín nhiệm giới thiệu ứng cử đại biểu quốc hội khóa XV; PVEP hoàn thành vượt mức kế hoạch quý I/2021; bản lĩnh của một thuyền trưởng; BSR-lấy thắng lợi ngắn hạn, tạ...
Gorde:
| Formatua: | Liburua |
|---|---|
| Hizkuntza: | Vietnamese |
| Argitaratua: |
H.
Hội dầu khí Việt Nam
2021
|
| Gaiak: | |
| Etiketak: |
Etiketa erantsi
Etiketarik gabe, Izan zaitez lehena erregistro honi etiketa jartzen!
|
| Thư viện lưu trữ: | Thư viện Trường Đại học Nam Cần Thơ |
|---|
| LEADER | 01189nam a22002177a 4500 | ||
|---|---|---|---|
| 001 | NCT_116146 | ||
| 008 | 220304b xxu||||| |||| 00| 0 vie d | ||
| 999 | |c 5923 |d 5923 | ||
| 041 | 0 | |a vie | |
| 082 | 0 | 4 | |2 23rd ed. |a 333.79 |b N116L |
| 245 | 0 | 0 | |a Năng lượng mới |n số 53 |c Hội dầu khí Việt Nam |
| 260 | |a H. |b Hội dầu khí Việt Nam |c 2021 | ||
| 300 | |c 28cm | ||
| 310 | |a Phát hành thứ ba hàng tuần | ||
| 362 | |a 06/04/2021 | ||
| 520 | 3 | |a Nội dung số này trình bày: đồng chí lê mạnh được cử tri nơi cư trú tín nhiệm giới thiệu ứng cử đại biểu quốc hội khóa XV; PVEP hoàn thành vượt mức kế hoạch quý I/2021; bản lĩnh của một thuyền trưởng; BSR-lấy thắng lợi ngắn hạn, tạo động lực cho dài hạn | |
| 653 | |a Công nghệ kỹ thuật ô tô | ||
| 655 | |a Tạp chí | ||
| 942 | |2 ddc |c CR | ||
| 952 | |0 0 |1 0 |2 ddc |4 0 |6 333_790000000000000_N116L |7 0 |9 23433 |a 000001 |b 000001 |d 2022-04-28 |o 333.79 N116L |r 2022-04-28 |w 2022-04-28 |y CR | ||
| 980 | |a Thư viện Trường Đại học Nam Cần Thơ | ||